Der Hüter des Humanen

Titel: Der Hüter des Humanen : Festschrift für Prof. Dr. Bernd Balzer zum 65. Geburtstag / hrsg. von Edward Białek ...
Beteiligt:
Festschrift für:
Veröffentlicht: Dresden : Neisse-Verlag, 2007
Umfang: 431 Seiten
Format: Buch
Sprache: Deutsch
Schriftenreihe/
mehrbändiges Werk:
Orbis linguarum. Beihefte zum Orbis linguarum ; 61
RVK-Notation:
Schlagworte:
ISBN: 9783940310132 ; 9788374322850
Buchumschlag
X
Lokale Klassifikation: 3 10 E ; 32 15 A ; 61 15 Ma
alg: 19712829
001A    $03004:18-03-08 
001B    $01999:13-11-24 $t10:44:24.000 
001D    $03004:18-03-08 
001U    $0utf8 
001X    $00 
002@    $0Aau 
002C    $aText $btxt $2rdacontent 
002D    $aohne Hilfsmittel zu benutzen $bn $2rdamedia 
002E    $aBand $bnc $2rdacarrier 
003@    $0197128297 
003O    $0232625500 $aOCoLC 
004A    $A978-3-940310-13-2 $fGb. : EUR 48.00 
004A    $A978-83-7432-285-0 
004K    $09783940310132 
006G    $0986120898 
006T    $007,N46,0382 
006U    $008,A16,1771 $f20071023 
007A    $0986120898 $aDNB 
007G    $0DE020CF18728F483D9FDAC1257A0E003FE846 
007T    $0Herdhh197128297 
009P    $qapplication/pdf $A2 $3Inhaltsverzeichnis $uhttp://scans.hebis.de/HEBCGI/show.pl?19712829_toc.pdf $mV:DE-603;B:DE-Mb50 
010@    $ager 
011@    $a2007 $n2007 
013D    $RVeröffentlichung $#Gedächtnisschrift Festschrift $#Gedenkschrift $#Festschriften $74016928-5 $8Festschrift [Ts1] $9085039632 
013D    $#Beiträge Formschlagwort $#Einzelbeiträge $#Sammelwerk Formschlagwort $74143413-4 $8Aufsatzsammlung [Ts1] $9085562742 
013D    $RVerzeichnis $RInformationsmittel $RKatalog $RLiteraturbericht $RNeuerwerbungsliste $RBibliograf $RBibliografin $#Bibliography $#Bibliographie $#Bibliography, Critical $#Bibliographie critique $#Bibliographie $#Abstract Formschlagwort $#Bücherverzeichnis $#Literaturdokumentation Formschlagwort $#Literaturverzeichnis $#Publikationen Formschlagwort $#Repertorium Bibliografie $#Werke Formschlagwort $#Bibliografien $#Bibliographien $74006432-3 $8Bibliografie [Ts1] $9085009210 
021A    $aDer @Hüter des Humanen $dFestschrift für Prof. Dr. Bernd Balzer zum 65. Geburtstag $hhrsg. von Edward Białek ... 
028C    $7111330556 $8Białek, Edward$Z1956- [Tp1] $9145874214 
028C    $BGefeierter $4hnr $711806083X $8Balzer, Bernd$Z1942- [Tp1] $9151558299 
033A    $pDresden $nNeisse-Verlag 
034D    $a431 Seiten 
036E    $aOrbis linguarum. Beihefte zum Orbis linguarum $l61 
036F    $x261 $8Orbis linguarum. Beihefte zum Orbis linguarum $9059084979 $l61 
037A    $aBibliografie B. Balzer S. 423 - 431 
044K    $qDNB $RSüdgermanische Sprachen $#German language $#Allemand (langue) $#Neuhochdeutsch $#Deutsche Sprache $#Hochdeutsch $74113292-0 $8Deutsch [Tsz] $9085334081 
044K    $qDNB $RBuch $RSchriftsteller $#Literature $#Littérature $#Letteratura $#Literatura $#literature $#Literature $#Literatur $#Literatur $#Belletristik $#Dichtung Literatur $#Schöne Literatur $#Sprachkunst $#Wortkunst $74035964-5 $8Literatur [Tsz] $9085097128 
044K    $qDNB $711806083X $8Balzer, Bernd$Z1942- [Tp1] $9151558299 
045E    $c830 
045F    $a830.9 $eDDC22ger 
045F/01 $a830 
045G    $a809 $eDDC23BSB 
045G/01 $a809 
045G/03 $g43 
045H    $a370.9438 $eDDC23BSB 
045H/01 $a370.9 
045H/03 $g438 
045I    $a306.0943 $eDDC23BSB 
045I/01 $a306.09 
045I/03 $g43 
045I/03 $g438 
045V    $aBalzer, Bernd $801.08.00$jZu einzelnen Germanisten, Literaturtheoretikern und Essayisten [Tkx] $9118843184 
045Z    $8GB 1825 [Tkv] $9408289104 

lok: 19712829 3
101B    $004-07-08 $t11:26:31.000 
101C    $004-07-08 
101U    $0utf8 
145S/06 $a720 

exp: 19712829 3 1 #EPN
201B/01 $004-07-08 $t11:26:31.000 
201C/01 $002-06-08 
201U/01 $0utf8 
203@/01 $0544544943 
208@/01 $a04-07-08 $bzAa 
209A/01 $a88.461.74 $du $f000 $h88 461 74 $x00 
209G/01 $a88461746 $x00 
247C/01 $8601000-3 <30>Frankfurt, Universitätsbibliothek J. C. Senckenberg, Zentralbibliothek (ZB) $9102598258 

lok: 19712829 23

exp: 19712829 23 1 #EPN
201B/01 $024-07-09 $t11:26:31.000 
201C/01 $022-01-09 
201U/01 $0utf8 
203@/01 $0566191733 
208@/01 $a24-07-09 $bz 
209A/01 $a25 Ger AM 0211 $du $f022 $hGER AM 0211 $x00 
209G/01 $a25179226 $x00 
247C/01 $8352022-5 <34/22>Kassel, UB Kassel, Standort Holländischer Platz $9102599432 

lok: 19712829 24
101B    $001-04-08 $t14:04:46.000 
101C    $001-04-08 
101U    $0utf8 
145Z/01 $a3 10 E 
145Z/02 $a32 15 A 
145Z/03 $a61 15 Ma 

exp: 19712829 24 1 #EPN
201B/01 $018-03-08 $t11:49:03.000 
201C/01 $018-03-08 
201U/01 $0utf8 
203@/01 $0532823370 
208@/01 $a18-03-08 $bz 
209A/01 $a08.1074 $du $f050 $h08 1074 $x00 
209C/01 $a08.1074 G $h08 1074 G 
209G/01 $a71974731 $x00 
220C/01 $ajwa 
247C/01 $8358050-7 Marburg, Bibliothek des Herder-Instituts Marburg $9102600961 

lok: 19712829 62

exp: 19712829 62 1 #EPN
201B/01 $002-09-08 $t21:30:40.000 
203@/01 $0548935432 
208@/01 $a02-09-08 $be 
209A/01 $a/ $f000 $x00 
209B/01 $a2008 $x05 
247C/01 $8Frankfurt, Bibliographie der Deutschen Sprach- und Literaturwissenschaft $9113214561 
201U/01 $0utf8 

lok: 19712829 78

exp: 19712829 78 1 #EPN
201B/01 $019-04-17 $t21:12:43.000 
201U/01 $0utf8 
203@/01 $0794521487 
208@/01 $a12-11-16 $be 
209A/01 $a/ $f000 $x00 
220C/01 $aTitelaufnehmer: kk 
220C/01 $aHerkunft: IH UWr;HI Marburg 
237A/01 $aweiterführende Signatur(en): HI 08.1074 
244Z/01 $2Trx $#Silesia $#Śląsk $#Sliezsko $#Slezsko $8--Trx--Schlesien $x01 $9391173987 
244Z/01 $2Trx $#Poola $#Lenkija $#Polija $#Polen Land $#Poland $#Lengyelország $#Poľsko $#Polsko $8--Trx--Polska$gkraj $x02 $9391345966 
244Z/01 $2Trx $#dzieło zbiorowe $8--Trx--Sammelwerk $x03 $9391384597 
245Z/01 $a01.03 $x01 
247C/01 $82080>Marburg/Lahn, Herder-Institut, Forschungsbibliothek, Bibliographieportal $9336309341
LEADER 00000cam a2200000 c 4500
001 197128297
003 DE-603
005 20241113104424.0
007 tu
008 080318s2007 xx |||| | u01||u|ger
015 |a 08,A16,1771  |z 07,N46,0382  |2 dnb 
016 7 |2 DE-101  |a 986120898 
020 |a 9783940310132  |c Gb. : EUR 48.00 
020 |a 9788374322850 
024 3 |a 9783940310132 
035 |a (DE-599)DNB986120898 
035 |a (OCoLC)232625500 
040 |a DE-603  |b ger  |c DE-603  |d DE-603 
041 |a ger 
082 0 4 |8 1\u  |a 830.9  |q DE-101  |2 22/ger 
083 0 |8 2\u  |a 809  |q DE-101  |2 23/BSB 
083 0 |8 3\u  |a 370.9438  |q DE-101  |2 23/BSB 
083 0 |8 4\u  |a 306.0943  |q DE-101  |2 23/BSB 
084 |a 830  |q DE-101  |2 sdnb 
084 |a GB 1825  |0 (DE-625)38076:  |0 (DE-603)408289104  |2 rvk 
085 |8 1\u  |b 830 
085 |8 2\u  |b 809 
085 |8 2\u  |z 2  |s 43 
085 |8 3\u  |b 370.9 
085 |8 3\u  |z 2  |s 438 
085 |8 4\u  |b 306.09 
085 |8 4\u  |z 2  |s 43 
085 |8 4\u  |z 2  |s 438 
245 0 0 |a ˜Derœ Hüter des Humanen  |b Festschrift für Prof. Dr. Bernd Balzer zum 65. Geburtstag  |c hrsg. von Edward Białek ... 
264 1 |a Dresden  |b Neisse-Verlag  |c 2007 
300 |a 431 Seiten 
336 |a Text  |b txt  |2 rdacontent 
337 |a ohne Hilfsmittel zu benutzen  |b n  |2 rdamedia 
338 |a Band  |b nc  |2 rdacarrier 
490 1 |a Orbis linguarum. Beihefte zum Orbis linguarum  |v 61 
500 |a Bibliografie B. Balzer S. 423 - 431 
600 1 7 |a Balzer, Bernd  |d 1942-  |0 (DE-588)11806083X  |0 (DE-603)151558299  |2 gnd 
650 7 |a Deutsch  |0 (DE-588)4113292-0  |0 (DE-603)085334081  |2 gnd 
650 7 |a Literatur  |0 (DE-588)4035964-5  |0 (DE-603)085097128  |2 gnd 
655 7 |a Festschrift  |2 gnd-content  |0 (DE-588)4016928-5  |0 (DE-603)085039632 
655 7 |a Aufsatzsammlung  |2 gnd-content  |0 (DE-588)4143413-4  |0 (DE-603)085562742 
655 7 |a Bibliografie  |2 gnd-content  |0 (DE-588)4006432-3  |0 (DE-603)085009210 
700 1 |a Białek, Edward  |d 1956-  |0 (DE-603)145874214  |0 (DE-588)111330556  |2 gnd 
700 1 |a Balzer, Bernd  |d 1942-  |e Gefeierter  |4 hnr  |0 (DE-603)151558299  |0 (DE-588)11806083X  |2 gnd 
830 0 |t Orbis linguarum  |p Beihefte zum Orbis linguarum  |v 61  |w (DE-603)059084979  |w (DE-600)2212776-8  |9 261  |7 as 
856 4 2 |m V:DE-603;B:DE-Mb50  |q application/pdf  |u http://scans.hebis.de/HEBCGI/show.pl?19712829_toc.pdf  |3 Inhaltsverzeichnis 
924 0 |9 30  |a (DE-603)544544943  |b DE-30  |c HES  |d c  |g 88.461.74 
924 0 |9 34/22  |a (DE-603)566191733  |b DE-34-22  |c HES  |d c  |g 25 Ger AM 0211 
924 0 |9 Mb 50  |a (DE-603)532823370  |b DE-Mb50  |c HES  |d c  |g 08.1074 
924 0 |9 603  |a (DE-603)548935432  |b DE-603  |c HES  |d d 
924 0 |9 2080  |a (DE-603)794521487  |b DE-2080  |c HES  |d d  |g /